00878nmc a2200277 a 4500003000900000005001700009008004100026020001800067040001300085100002400098245007000122250001200192260003000204300002000234490002600254500005200280500003700332500003600369650002400405650003300429650003500462650002300497650003000520650002700550650002300577AR-BaBNM20251128204729.0011101s1994 ||||||||||||||000 | spa|| a84-7509-985-8 cAR-BaBNM1 aLittlewood, William10aLa enseñanza de la comunicación oralbun marco metodológico a1ª ed. aBarcelonabPaidósc1994 a143 p.bcuadros 0aComunicaciónvv. 57 aContiene índice bibliográfico en p. 129-137 aIndice analítico en p. 139-143 aTraducción de Elisa Sanz Aiza 4aCOMUNICACION VERBAL 4aPROBLEMAS DE LA COMUNICACION 4aENSENANZA DE LA EXPRESION ORAL 4aAPRENDIZAJE VERBAL 4aCOMPORTAMIENTO DEL ALUMNO 4aDESTREZAS LINGUISTICAS 4aPAPEL DEL LENGUAJE